ბათუმის შოთა რუსთაველის სახელმწიფო უნივერსიტეტის ბიბლიოთეკა

ქსენოფონტის ლექსიკონი / (ბიბ.ჩანაწერი № 60391)

000 -ლიდერი
ფიქსირებული სიგრძის საკონტროლო ველი 01312nam a22002177a 4500
003 - საკონტროლო ნომრის იდენტიფიკატორი
საკონტროლო ველი Ge_BSU
005 - ბოლო ოპერაციის თარიღი და დრო
საკონტროლო ველი 20230711112720.0
008 - ფიქსირებული სიგრძის მონაცემთა ელემენტები - ზოგადი ინფორმაცია
ფიქსირებული სიგრძის საკონტროლო ველი 230711s2004ge xxu||||| |||| 00| 0 geo d
020 ## - წიგნის საერთაშორისო სტანდარტული ნომერი
International Standard Book Number 9994031244
041 ## - ენის კოდი
Language code of text/sound track or separate title geo
080 ## - უნივერსალური ათობითი კლასიფიკაციის ინდექსი
Universal Decimal Classification number 81'374.822=14'01=353.1 გ-51
100 ## - მთავარი ჩანაწერი - პიროვნების სახელი
Personal name გიორგობიანი, თინათინ, ავტ.
9 (RLIN) 19231
245 ## - ცნობა სათაურის შესახებ
Title ქსენოფონტის ლექსიკონი /
Statement of responsibility, etc თინათინ გიორგობიანი ; [რედ. ქ. აბესაძე]
264 ## - წარმოების, გამოცემის, დისტრიბუციის და სხვა ცნობები
გამოცემის, წარმოების, დისტრიბუციის... ადგილი თბილისი :
გამოცემის, წარმოების, დისტრიბუციის... სახელწოდება პროგრამა "ლოგოსი",
გამოცემის, წარმოების, დისტრიბუციის... თარიღი 2004.
300 ## - ფიზიკური აღწერა
Extent 200 გვ. ;
Other physical details 24 სმ.
440 ## - სერიის ცნობა / დამატებულია ჩანაწერი - სათაური
Title პროგრამა "ლოგოსი" : პუბლიკაციები და ღონისძიებები კლასიკური ფილოლოგიის, ბიზანტინისტიკისა და ნეოგრეცისტიკის სფეროში
9 (RLIN) 3642
653 ## - INDEX TERM--UNCONTROLLED
Uncontrolled term ქსენოფონტის ლექსიკონი
700 ## - ADDED ENTRY--PERSONAL NAME
Personal name აბესაძე, ქ
Relator term რედაქტორი
9 (RLIN) 19232
710 ## - ADDED ENTRY--CORPORATE NAME
Corporate name or jurisdiction name as entry element თსუ, კლასიკ. ფილოლ., ბიზანტ. და ნეოგრეც. ინ-ტი.
9 (RLIN) 19233
942 ## - ADDED ENTRY ELEMENTS (KOHA)
Source of classification or shelving scheme
Koha item type წიგნი
ეგზემპლარები
ჩამოწერის სტატუსი დაკარგული ეგზემპლარის სტატუსი კლასიფიკაციის წყარო ან თაროზე გაწყობის სქემა დაზიანების სტატუსი არ გაიცემა მუდმივი მდებარეობა (დაცვის ადგილი) ამჟამინდელი ადგილსამყოფელი თაროზე განთავსების ადგილი შეძენის თარიღი ღირებულება, შესყიდვის ნორმალური ფასი სრული შენახვის შიფრი შტრიხკოდი ბოლო ოპერაციის თარიღი ეგზემპლარის მიმდევრობითი ნომერი (კეტერი?) Uniform Resource Identifier ფასის ძალაში შესვლის თარიღი ეგზემპლარის სახეობა საჯარო შენიშვნა
          ბათუმის შოთა რუსთაველის სახელმწიფო უნივერსიტეტის მთავარი ბიბლიოთეკა ბათუმის შოთა რუსთაველის სახელმწიფო უნივერსიტეტის მთავარი ბიბლიოთეკა წიგნსაცავი 2023-07-11 5.00 81'374.822=14'01=353.1 გ-51 64927 2023-07-11 64927 ბსუ-ს საპატიო დოქტორის გურამ ლორთქიფანიძის საჩუქარი 2023-07-11 წიგნი 5.00